LEADER 03473 am 22005773u 450 001 9910251394603321 005 20230621140443.0 010 $a3-96110-019-5 024 7 $a10.5281/zenodo.892102 035 $a(CKB)4100000001587822 035 $a(OAPEN)641730 035 $a(PPN)243729138 035 $a(oapen)https://directory.doabooks.org/handle/20.500.12854/36295 035 $a(EXLCZ)994100000001587822 100 $a20181212h20172017 fy 0 101 0 $aeng 135 $aurmu#---auuuu 181 $ctxt$2rdacontent 182 $cc$2rdamedia 183 $acr$2rdacarrier 200 00$aOn this and other worlds $evoices from Amazonia /$fedited by Kristine Stenzel, Bruna Franchetto 210 $cLanguage Science Press$d2017 210 1$aBerlin, Germany :$cLanguage Science Press,$d2017. 210 4$d©2017 215 $a1 online resource (iv, 482 pages) $cPDF, digital file(s) 225 0 $aStudies in diversity linguistics ;$v17 311 08$aPrint version: 9783961100194 320 $aIncludes bibliographical references and indexes. 330 $a"This edited volume offers a collection of twelve interlinear texts reflecting the vast linguistic diversity of Amazonia as well as the rich verbal arts and oral literature traditions of Amazonian peoples. Contributions to the volume come from a variety of geographic regions and represent the Carib, Jê, Tupi, East Tukano, Nadahup, and Pano language families, as well as three linguistic isolates. The selected texts exemplify a variety of narrative styles recounting the origins of constellations, crops, and sacred cemeteries, and of travel to worlds beyond death. We hear tales of tricksters and of encounters between humans and other beings, learn of battles between enemies, and gain insight into history and the indigenous perspective of creation, cordiality and confrontation. The contributions to this volume are the result of research efforts conducted since 2000, and as such, exemplify rapidly expanding investment and interest in documenting native Amazonian voices. They moreover demonstrate the collaborative efforts of linguists, anthropologists, and indigenous leaders, storytellers, and researchers to study and preserve Amazonian languages and cultures. Each chapter offers complete interlinear analysis as well as ample commentary on both linguistic and cultural aspects, appealing to a wide audience, including linguists, historians, anthropologists, and other social scientists. This collection is the first of its type, constituting a significant contribution to focused study of Amazonian linguistic diversity and a relevant addition to our broader knowledge of Amerindian languages and cosmologies." 410 0$aStudies in diversity linguistics ;$v17. 606 $aLinguistics$xAmazonian languages 606 $aLinguistics$2bicssc 610 $aamazonian peoples 610 $ainterlinear texts 610 $anative amazonian languages 610 $aElektro-Slovenija 610 $aKuikuro 610 $aMorpheme 610 $aNateni language 610 $aPerfective aspect 610 $aTrumai language 615 0$aLinguistics$xAmazonian languages. 615 7$aLinguistics 700 $aFranchetto$b Bruna$4edt$01366246 702 $aFranchetto$b Bruna 702 $aStenzel$b Kristine 801 2$bUkMaJRU 906 $aBOOK 912 $a9910251394603321 996 $aOn this and other worlds$93388728 997 $aUNINA LEADER 02933nam0 2200541 i 450 001 BVE0023168 005 20251003044050.0 010 $a8842039373 020 $aIT$b92-8656 100 $a19950831d1992 ||||0itac50 ba 101 | $aita 102 $ait 181 1$6z01$ai $bxxxe 182 1$6z01$an 200 1 $aˆIl ‰socialismo nel Mezzogiorno d'Italia, 1892-1926$fA. Alosco ... [et al.]$ga cura di Gaetano Cingari e Santi Fedele 210 $aRoma [etc.]$cLaterza$d1992 215 $aX, 412 p.$d21 cm 225 | $aBiblioteca di cultura moderna$v1020 300 $aAtti di un convegno tenuto a Messina nel 1990. 410 0$1001CFI0000481$12001 $aBiblioteca di cultura moderna$v1020 606 $aSocialismo$xItalia meridionale$x1892-1926$2FIR$3BVEC018225$9I 676 $a320.531$9IDEOLOGIE POLITICHE. SOCIALISMO$v21 676 $a320.53109457$9SOCIALISMO. ITALIA MERIDIONALE$v21 676 $a324.2450742$9PARTITI ESISTENTI DOPO IL 1945. PARTITO SOCIALISTA ITALIANO$v23 676 $a335.009457$9SOCIALISMO E SISTEMI AFFINI. ITALIA MERIDIONALE$v20 686 $aIT/042.5/PSI$cPARTITI E MOVIMENTI POLITICI PARTITO SOCIALISTA ITALIANO ITALIA 1900-1918$2R 686 $aIT/0430.1$cQUESTIONE MERIDIONALE ITALIA 1900-1918$2R 686 $aIT/142.5/PSI$cPARTITI E MOVIMENTI POLITICI PARTITO SOCIALISTA ITALIANO ITALIA 1918-1922$2R 686 $aIT/1430.1$cQUESTIONE MERIDIONALE ITALIA 1918-1922$2R 686 $aS.i.0.1.2$cPartito socialista italiano. Opere storiche sul movimento operaio e socialista$2F 686 $aX0.8/1990$cCONFERENZE CONGRESSI E CONVEGNI (ATTI DI) 1990$2R 702 1$aFedele$b, Santi$3CFIV004355 702 1$aCingari$b, Gaetano$3CFIV032178 702 1$aAlosco$b, Antonio$3CFIV034316 801 3$aIT$bIT-000000$c19950831 850 $aIT-BN0095 $aIT-SA0060 $aIT-AV0011 $aIT-AV0007 $aIT-NA0079 $aIT-NA0070 $aIT-NA0075 $aIT-NA0230 $aIT-NA0097 901 $bNAP AH$cSALASTUDIO$nEx sala studio, ora secondo piano 901 $bNAP BN$cMAGAZZINO $nmagazzini correnti divisi per anni 901 $bNAP 27$cSALA $n$ 901 $bNAP SP$cGALASSO $nFondo donato da Giuseppe Galasso 901 $bNAP SP$cNF. $nNUOVO FONDO 901 $bNAP 01$cPOZZO LIB.$nVi sono collocati fondi di economia, periodici di ingegneria e scienze, periodici di economia e statistica e altri fondi comprendenti documenti di economia pervenuti in dono. 901 $bNAP AV$cMANCINO $n$ 912 $aBVE0023168 950 0$aBiblioteca Centralizzata di Ateneo$c1 v.$d 01POZZO LIB.ECON MON 6783$e 0101 0700177505E VMA 1 v. (Principale collocazione 17 Ec 750)$fB $h20220726$i20220726 977 $a 01$a 27$a AH$a AV$a BN$a BU$a GE$a IR$a SP 996 $aSocialismo nel Mezzogiorno d'Italia 1892-1926$91680905 997 $aUNISANNIO LEADER 01371nas 2200445 c 450 001 9910265247803321 005 20251012104148.0 024 7 $a10.1111/(ISSN)1745-9125 024 8 $aHein-crim 035 $a(DE-599)ZDB2246113-9 035 $a(OCoLC)723635738 035 $a(DE-101)980777542 035 $a(CKB)3840000000000063 035 $a(EXLCZ)993840000000000063 100 $a20060807b19631970 |y | 101 0 $aeng 135 $aur||||||||||| 181 $ctxt$2rdacontent 182 $cc$2rdamedia 183 $acr$2rdacarrier 200 00$aCriminologica$ean interdisciplinary journal of criminology$fpubl. for the American Society of Criminology by the Criminal Law, Education and Research Center, New York University School of Law 210 31$aBuffalo, NY$cHeinOnline$d1963-1970 210 31$aNew York, NY$c[Verlag nicht ermittelbar]$d1963-1970 215 $aOnline-Ressource 300 $aGesehen am 31.01.12 311 08$a0590-0921 608 $aZeitschrift$2gnd-content 676 $a340 686 $aINTRECHT$qDE-1a$2fid 686 $aKRIM$qDE-21$2fid 686 $a2$a2,1$2ssgn 686 $aPH 1000$2rvk 712 02$aAmerican Society of Criminology$4isb 801 0$b0001 801 1$bDE-101 801 2$b9999 906 $aJOURNAL 912 $a9910265247803321 996 $aCriminologica$92001276 997 $aUNINA